000 00620nam a22002417a 4500
003 UA-OsUOA
001 26533
007 ta
008 20040607b un ||||| |||| 00| 0 ukr d
090 _a551
_bЛ55
942 _cBK
040 _aUA-OsUOA
_brus
_cUA-OsUOA
_dUA-OsUOA
245 _aЛитосфера Центральной и Восточной Европы
_cГл. Ред. А.В.Чекунов
300 _a159 с.
955 _a0
041 _arus
080 _a551
020 _a5-12-003281-8
260 _aКиев
_bНаукова думка
_c1993
044 _aUA
650 7 _2UDC
999 _c312858
_d312858